Finite Element Analysis Application (Record no. 3381)

MARC details
000 -LEADER
fixed length control field 00374nam a22001457a 4500
008 - FIXED-LENGTH DATA ELEMENTS--GENERAL INFORMATION
fixed length control field 250512b |||||||| |||| 00| 0 eng d
020 ## - INTERNATIONAL STANDARD BOOK NUMBER
ISBN 97801218099520
100 ## - MAIN ENTRY--AUTHOR
Author Bi Zhuming
245 ## - TITLE STATEMENT
Title Finite Element Analysis Application
260 ## - PUBLICATION, DISTRIBUTION, ETC. (IMPRINT)
Place of publication London
Name of publisher Academic Press
Date of publication 2018
300 ## - COLLATION
Pagination xv, 504P.
650 ## - TRACINGS
Main Subject Finite Element Method
942 ## - ADDED ENTRY ELEMENTS (KOHA)
Item type Books
050 ## - LIBRARY OF CONGRESS CALL NUMBER
Classification number TA347.F5
Item number .B5
Holdings
Source of classification or shelving scheme Not for loan Permanent location Current location Date acquired Accession No. Full call number Barcode. Koha item type
Library of Congress Classification   Samuel Ogbemudia Main Library, University of Abuja Samuel Ogbemudia Main Library, University of Abuja 05/12/2025 2024/635111-1 TA347.F5.B5 2025-1851 Books